• 首页
  • 本馆介绍
  • 公告通知
  • 最新文献
  • 馆藏检索
  • 电子资源
  • 读者导购
  • 参考咨询
  • 我的图书馆
  • 登录
  • 详细信息显示
  • 放入我的书架
  • 预约/预借图书
  • 作者相关作品
  • 分类相关作品
  • 丛书相关作品
  • 出版社相关作品

书目信息

  • 表格格式
  • 工作单格式
  • 卡片格式
题名:
中国人民大学中国社会发展研究报告
    
 
作者: 郑杭生 主编
分册: 2013   走向包容、公平、共享的新型城镇化
出版信息: 北京   中国人民大学出版社  2013
页数: 272页
开本: 24cm
丛书名:
单 册:
中图分类: D668 , F299.21
科图分类:
主题词: 社会发展--研究报告--中国--2013 , 城市化--研究报告--中国--2013 , 社会发展 , 城市化
电子资源:
ISBN: 978-7-300-18183-7
000 01459nam0 2200289 450
001 524
005 20140905100850.26
010    @a978-7-300-18183-7@dCNY48.00
100    @a20131220d2013 em y0chiy50 ea
101 0  @achi@deng@eeng
102    @aCN@b110000
105    @ay z 000yy
106    @ar
200 1  @a中国人民大学中国社会发展研究报告@AZhong Guo Ren Min Da Xue Zhong Guo She Hui Fa Zhan Yan Jiu Bao Gao@h2013@i走向包容、公平、共享的新型城镇化@IZou Xiang Bao Rong、 Gong Ping、 Gong Xiang De Xin Xing Cheng Zhen Hua@dRenmin University of China research reports on China social development@h2013@iTowards inclusive equitable and sharing new-type urbanization@f郑杭生主编@FZheng Hang Sheng Zhu Bian@zeng
210    @a北京@c中国人民大学出版社@d2013
215    @a272页@d24cm
330    @a本书分为11章,内容包括:新型城镇化背景下的教育公平进展、新型城镇化视野下农民工社会保障制度的创新与发展、新型城镇化与健康城市建设、流动人口与新型城市化、中国公众对气候变化的认知和行为表现等。
510 1  @aRenmin University of China research reports on China social development@h2013@iTowards inclusive equitable and sharing new-type urbanization@zeng
606 0  @a社会发展@x研究报告@y中国@z2013
606 0  @a城市化@x研究报告@y中国@z2013
606 0  @a社会发展
606 0  @a城市化
690    @aD668@v5
690    @aF299.21@v5
701  0 @a郑杭生@AZheng Hang Sheng@f(1936~)@4主编
801  0 @aCN@bTANGWEI@c20140603
905    @b0837820-22@dD668@e135@f3
    
    中国人民大学中国社会发展研究报告.2013.走向包容、公平、共享的新型城镇化=Renmin University of China research reports on China social development.2013.Towards inclusive equitable and sharing new-type urbanization/郑杭生主编.-北京:中国人民大学出版社,2013
    272页;24cm
    
    
    ISBN 978-7-300-18183-7:CNY48.00
    本书分为11章,内容包括:新型城镇化背景下的教育公平进展、新型城镇化视野下农民工社会保障制度的创新与发展、新型城镇化与健康城市建设、流动人口与新型城市化、中国公众对气候变化的认知和行为表现等。
●
相关链接 在E读中查询图书 在五车中查询图书 在当当中查询图书 在豆瓣中查询图书


正题名:中国人民大学中国社会发展研究报告     索取号:D668/135         预约/预借

序号 登录号 条形码 馆藏地/架位号 状态 备注
1 0837820   208378209   第一样本阅览室/ [索取号:D668/135] 在馆    
2 0837821   208378218   密集书库-史法系/ [索取号:D668/135] 在馆    
3 0837822   208378227   第一借阅区/ [索取号:D668/135] 在馆    
唐山师范学院图书馆 欢迎您!
大连网信软件有限公司© 版权所有